| 000 | 00805nam a22002777a 4500 | ||
|---|---|---|---|
| 001 | BR2016003622 | ||
| 003 | BR-BrBNA | ||
| 005 | 20230928104948.0 | ||
| 007 | ta | ||
| 008 | 230509b bl.||||| |||| 00| 0 por d | ||
| 040 |
_aBR-BrBNA _bpor _cBiblioteca Nacional de Agricultura |
||
| 041 | _a(Por) | ||
| 072 | _aL50; L53 | ||
| 090 | _ L50 BR2016003622 | ||
| 100 | 1 | _aCunningham, J.G. | |
| 245 | 1 | _aTratado de fisiologia veterinária | |
| 260 | 3 |
_aRio de Janeiro, RJ (Brasil): _bGuanabara Koogan, _c1992. |
|
| 300 | _a454 p. | ||
| 500 | _aIncludes several bibliographies; Summary (Por); 400 illus.; 27 tables | ||
| 650 | _aFISIOLOGIA ANIMAL | ||
| 650 | _aMETABOLISMO ANIMAL | ||
| 650 | _aREPRODUÇÃO ANIMAL | ||
| 650 | _aVETERINÁRIA | ||
| 909 |
_a202309 _bLucia _c55 _dLucia Elande |
||
| 942 | _cBK | ||
| 999 |
_c82661 _d82661 |
||